The Delhi High Court : (Record no. 14289)

000 -LEADER
fixed length control field 00525cam a22001815i 4500
005 - DATE AND TIME OF LATEST TRANSACTION
control field 20260406165748.0
008 - FIXED-LENGTH DATA ELEMENTS--GENERAL INFORMATION
fixed length control field 230802s2017 ii 000 0 eng
010 ## - LIBRARY OF CONGRESS CONTROL NUMBER
LC control number 2023341661
020 ## - INTERNATIONAL STANDARD BOOK NUMBER
International Standard Book Number 9789352887316
025 ## - OVERSEAS ACQUISITION NUMBER
Overseas acquisition number I-E-2023341661; 17-91
035 ## - SYSTEM CONTROL NUMBER
System control number 23256132
037 ## - SOURCE OF ACQUISITION
Source of stock number/acquisition Library of Congress -- New Delhi Overseas Office
040 ## - CATALOGING SOURCE
Original cataloging agency DLC
Language of cataloging eng
Description conventions rda
Transcribing agency DLC
042 ## - AUTHENTICATION CODE
Authentication code lcode
245 04 - TITLE STATEMENT
Title The Delhi High Court :
Remainder of title making of the new courts block /
Statement of responsibility, etc Goonmeet Singh Chauhan.
300 ## - PHYSICAL DESCRIPTION
Extent 219 pages
942 ## - ADDED ENTRY ELEMENTS (KOHA)
Source of classification or shelving scheme
Holdings
Withdrawn status Lost status Source of classification or shelving scheme Damaged status Koha normalized classification for sorting Not for loan Permanent location Current location Shelving location Date acquired Full call number Barcode Date last seen Price effective from Koha item type
        347_540120000000000   BMS College of Architecture, Design and Planning BMS College of Architecture, Design and Planning General Stacks 2025-12-16 347.54012 AR-UG5181 2026-02-10 2026-02-10 UG Books
Copyright © 2025, The Librarian, Library and Information Centre, BMSCA D&P, Bengaluru. All Rights Reserved
web counter

Powered by Koha